000 00559nam a22001935i 4500
001 48521
003 ES-MaACL
005 20241022191932.0
007 t|
008 950724s1837 be ||||1| fre d
040 _aCAM
_bspa
_cCAM
100 1 _aDelrieu, André.
_943590
245 1 0 _aVirginité, roman /
_cpar André Delrieu.
260 _aBruxelles :
_bSociété Belge de Librairie, etc., Hauman, Cattoir et Cie,
_c1837
_f(Imp. de C.J. de Mat)
300 _a2 v. ;
_c15 cm.
852 _aES-MaACL
_jD-3893-4
942 _2udc
999 _c48521
_d48521